000 00610nam a22002057a 4500
005 20251108173306.0
008 250721s2006 xx 000 0 ara d
082 1 4 _a526.3109566114/شوم
100 1 _aشوميخر، غوتليب
_eمؤلف
245 1 0 _aعبر نهر الأردن /
246 1 1 _aA cross the Jordan
264 1 _aد.م :
_bد.ن،
_c2006.
300 _a368ص.
650 1 7 _aالمسح الجيولوجي
650 1 7 _aنهر الأردن
650 1 7 _aمرتفعات الجولان
700 1 _aالعبادي، أحمد عويدي
_etran.
942 _2ddc
_cBK
999 _c100504
_d100504